Frequent cutaneous manifestations of rare monogenic dental diseases a review of OMIM data and cases from own clinical practice /

Elmentve itt :
Bibliográfiai részletek
Szerzők: Nagy Nikoletta
Széll Márta
Dokumentumtípus: Cikk
Megjelent: 2025
Sorozat:SKINdeep 1
Tárgyszavak:
doi:10.1553/skindeep.2025.151578

mtmt:36242853
Online Access:http://publicatio.bibl.u-szeged.hu/37244
LEADER 00791nab a2200217 i 4500
001 publ37244
005 20250715081850.0
008 250715s2025 hu o 000 eng d
022 |a 2977-6430 
024 7 |a 10.1553/skindeep.2025.151578  |2 doi 
024 7 |a 36242853  |2 mtmt 
040 |a SZTE Publicatio Repozitórium  |b hun 
041 |a eng 
100 1 |a Nagy Nikoletta 
245 1 0 |a Frequent cutaneous manifestations of rare monogenic dental diseases  |h [elektronikus dokumentum] :  |b a review of OMIM data and cases from own clinical practice /  |c  Nagy Nikoletta 
260 |c 2025 
300 |a 12 
490 0 |a SKINdeep  |v 1 
650 4 |a Klinikai orvostan 
700 0 1 |a Széll Márta  |e aut 
856 4 0 |u http://publicatio.bibl.u-szeged.hu/37244/1/skinonline-01-001_article-151578_en_1.pdf  |z Dokumentum-elérés